| 000 | 00904nam a22002771 4500 | ||
|---|---|---|---|
| 001 | 33320 | ||
| 003 | BD-RjUL | ||
| 005 | 20211209052003.0 | ||
| 008 | 140507r19631950nyua b 001 0 eng d | ||
| 035 | _a(BD-RjUL)33411 | ||
| 035 | _a(OCoLC)1476979 | ||
| 040 |
_aDLC _cFM _dNcRS _dDLC _dBD-RjUL _beng |
||
| 041 | _aeng | ||
| 082 | 0 | 0 |
_a302 _bNES _221 |
| 100 | 1 |
_aNewcomb, Theodore M. _q(Theodore Mead), _d1903-1984. _95185 |
|
| 245 | 0 | 0 |
_aSocial psychology / _cTheodore M. Newcomb, with the assistance of W. W. Charters. |
| 260 |
_aNew York : _bHolt, Rinehart and Winston, _cc1950 [Impression 1959, 1961, 1963] |
||
| 300 |
_axi, 690 p. : _bill. ; _c25 cm. |
||
| 504 | _aBibliography: p. 665-675. and Index | ||
| 650 | 0 |
_aSocial psychology. _9101162 |
|
| 650 | 0 |
_aSocial interaction. _9114622 |
|
| 700 |
_aCharters, W. W. _9114620 |
||
| 942 |
_2ddc _cBK |
||
| 999 |
_c33320 _d33320 |
||